Catálogo
 En Linea

Biografía militar del generalísimo doctor Rafael Leónidas Trujillo Molina : (Registro nro. 30193)

Detalles MARC
000 -CABECERA
campo de control de longitud fija 01147nam a2200253 a 4500
001 - NÚMERO DE CONTROL
campo de control 000030701
003 - IDENTIFICADOR DEL NÚMERO DE CONTROL
campo de control OSt
005 - FECHA Y HORA DE LA ÚLTIMA TRANSACCIÓN
campo de control 20240409073642.0
008 - DATOS DE LONGITUD FIJA--INFORMACIÓN GENERAL
campo de control de longitud fija 110526t1957 dr 000 0bspa d
040 ## - FUENTE DE LA CATALOGACIÓN
Centro catalogador/agencia de origen DO-SdBNP
Lengua de catalogación spa
Centro/agencia transcriptor BNPHU
082 74 - NÚMERO DE LA CLASIFICACIÓN DECIMAL DEWEY
Número de clasificación 923.17293053
Número de documento/Ítem T866v 1957
Número de edición 22
100 1# - ENTRADA PRINCIPAL--NOMBRE DE PERSONA
Nombre de persona Vega y Pagán, Ernesto
9 (RLIN) 57173
245 10 - MENCIÓN DE TÍTULO
Título Biografía militar del generalísimo doctor Rafael Leónidas Trujillo Molina :
Resto del título benefactor de la patria y padre de la patria nueva, comandante en Jefe de las Fuerzas Armadas de la nación /
Mención de responsabilidad, etc. Ernesto Vega y Pagán ; prólogo Rafael A. Espaillat.
246 13 - FORMA VARIANTE DE TÍTULO
Título propio/Titulo breve Biografía militar del generalísimo
260 ## - PUBLICACIÓN, DISTRIBUCIÓN, ETC.
Lugar de publicación, distribución, etc. Ciudad Trujillo, República Dominicana :
Nombre del editor, distribuidor, etc. Atenas,
Fecha de publicación, distribución, etc. 1957.
300 ## - DESCRIPCIÓN FÍSICA
Extensión 155 p. :
Otras características físicas il., retrs. ;
Dimensiones 24 cm.
504 ## - NOTA DE BIBLIOGRAFÍA, ETC.
Nota de bibliografía, etc. Incluye referencias bibliográficas y notas al pie de las páginas.
590 ## - NOTA LOCAL (RLIN)
Nota local Inventariado, 2019/LP
600 10 - PUNTO DE ACCESO ADICIONAL DE MATERIA--NOMBRE DE PERSONA
Nombre de persona Trujillo Molina, Rafael Leónidas,
Fechas asociadas al nombre 1891-1961
9 (RLIN) 76764
650 #4 - PUNTO DE ACCESO ADICIONAL DE MATERIA--TÉRMINO DE MATERIA
Término de materia o nombre geográfico como elemento de entrada Fuerzas armadas
Subdivisión general Actividad política
Subdivisión cronológica ERA DE TRUJILLO, 1930-1961
9 (RLIN) 57174
700 1# - PUNTO DE ACCESO ADICIONAL--NOMBRE DE PERSONA
Nombre de persona Espaillat, Rafael A.,
Término indicativo de función/relación pról.
9 (RLIN) 57176
910 ## - DATOS DE OPCIÓN DEL USUARIO (OCLC)
Datos de opción del usuario Validado. Control de calidad EMS.
942 ## - ELEMENTOS DE PUNTO DE ACCESO ADICIONAL (KOHA)
Fuente del sistema de clasificación o colocación Dewey Decimal Classification
Tipo de ítem Koha Libro
Existencias
Estado de retiro Estado de pérdida Fuente del sistema de clasificación o colocación No para préstamo Código de colección Localización permanente Ubicación/localización actual Ubicación en estantería Fecha de adquisición Número de inventario Total de préstamos Signatura topográfica completa Código de barras Fecha visto por última vez Número de copia Precio válido a partir de Tipo de ítem Koha Nota pública
    Dewey Decimal Classification   Raros y valiosos Biblioteca Nacional Pedro Henríquez Ureña Biblioteca Nacional Pedro Henríquez Ureña Depósito 17.02.2015 LF1   BNPHU DS-RV 923.17293053 T866v 1957 30701-30 25.06.2020 e.3 25.06.2020 Préstamo en sala  
    Dewey Decimal Classification   Raros y valiosos Biblioteca Nacional Pedro Henríquez Ureña Biblioteca Nacional Pedro Henríquez Ureña Depósito 25.06.2019 LF1   BNPHU DS-RV 923.17293053 T866v 1957 30701-40 25.06.2020 e.4 25.06.2020 Préstamo en sala Perteneció a la biblioteca personal de la familia Reyes Duluc.
    Dewey Decimal Classification Excluido de préstamo Raros y valiosos Patrimonio Dominicano Patrimonio Dominicano Depósito 26.05.2011 LF1   BNPHU PD-RV 923.17293053 T866v 1957 30701-10 25.06.2020   25.06.2020 No se presta Pertenecio a la biblioteca personal de Germán E. Ornes
    Dewey Decimal Classification Excluido de préstamo Raros y valiosos Patrimonio Dominicano Patrimonio Dominicano Depósito 14.06.2011 LF1   BNPHU PD-RV 923.17293053 T866v 1957 30701-20 25.06.2020 e.2 25.06.2020 No se presta Pertenecio a la biblioteca personal de Martínez Boog

Con tecnología Koha